Online
Catalog

El perfil de la quimera : (Record no. 16989)

MARC details
000 -CABECERA
campo de control de longitud fija 01067cam a2200253 a 4500
001 - NÚMERO DE CONTROL
campo de control 000017464
005 - FECHA Y HORA DE LA ÚLTIMA TRANSACCIÓN
campo de control 20200929165124.0
008 - DATOS DE LONGITUD FIJA--INFORMACIÓN GENERAL
campo de control de longitud fija 800527s1977 ec 000 e spa d
020 ## - NÚMERO INTERNACIONAL ESTÁNDAR DEL LIBRO
Condiciones de disponibilidad S/12.00
035 ## - NÚMERO DE CONTROL DEL SISTEMA
Número de control de sistema (DLC) 80107714
040 ## - FUENTE DE LA CATALOGACIÓN
Centro catalogador/agencia de origen DO-SdBNP
Centro/agencia transcriptor DLC
Centro/agencia modificador DLC
-- BNPHU
082 ## - NÚMERO DE LA CLASIFICACIÓN DECIMAL DEWEY
Número de clasificación E864.4
Número de documento/Ítem A553p
049 ## - FONDOS LOCALES (OCLC)
Fondos de biblioteca BNGR
100 1# - ENTRADA PRINCIPAL--NOMBRE DE PERSONA
Nombre de persona Andrade, Raúl,
Fechas asociadas al nombre 1905-1981
9 (RLIN) 38180
245 13 - MENCIÓN DE TÍTULO
Título El perfil de la quimera :
Resto del título ensayos literarios /
Mención de responsabilidad, etc. Raúl Andrade.
260 ## - PUBLICACIÓN, DISTRIBUCIÓN, ETC.
Lugar de publicación, distribución, etc. Quito :
Nombre del editor, distribuidor, etc. Casa de la Cultura Ecuatoriana,
Fecha de publicación, distribución, etc. 1977.
300 ## - DESCRIPCIÓN FÍSICA
Extensión 305 p. ;
Dimensiones 15 cm.
490 1# - MENCIÓN DE SERIE
Mención de serie Básica de escritores ecuatorianos
Designación de volumen o secuencia 18
505 0# - NOTA DE CONTENIDO CON FORMATO
Nota de contenido con formato García Lorca: Alegoría de España yacente -- Retablo de una generación decapitada -- Charlot, parábola y hazaña de la desventura -- Teoría del destierro -- El perfil de la quimera -- Viaje alrededor de la muerte -- Rosalía de Castro, sirena de la nostalgia.
650 #4 - PUNTO DE ACCESO ADICIONAL DE MATERIA--TÉRMINO DE MATERIA
Término de materia o nombre geográfico como elemento de entrada Ensayos ecuatorianos
9 (RLIN) 3909
650 #4 - PUNTO DE ACCESO ADICIONAL DE MATERIA--TÉRMINO DE MATERIA
Término de materia o nombre geográfico como elemento de entrada Literatura ecuatoriana
9 (RLIN) 3938
830 #0 - PUNTO DE ACCESO ADICIONAL DE SERIE-TÍTULO UNIFORME
Título uniforme Básica de escritores ecuatorianos ;
Designación de volumen o secuencia 18
9 (RLIN) 23084
910 ## - DATOS DE OPCIÓN DEL USUARIO (OCLC)
Datos de opción del usuario Catalogación por copia / LC
Holdings
Estado de retiro Estado de pérdida Restricciones de uso No para préstamo Código de colección Localización permanente Ubicación/localización actual Ubicación en estantería Fecha de adquisición Número de inventario Total de préstamos Signatura topográfica completa Código de barras Fecha visto por última vez Precio válido a partir de Tipo de ítem Koha
      Excluido de préstamo Monografías: Libros y Folletos General General En catalogación 24.03.2010 LF1   E864.4 A553p 17464-10 25.06.2020 25.06.2020 No se presta

Powered by Koha